| 000 | 00706nam a22001937a 4500 | ||
|---|---|---|---|
| 999 |
_c12927 _d12927 |
||
| 003 | AR-CdUCM | ||
| 008 | 190410b ||||| |||| 00| 0 spa d | ||
| 040 |
_aMUNICIPALIDAD PROVINCIAL DEL CUSCO _cBIBLIOTECA MUNICIPAL DEL CUSCO |
||
| 082 |
_a338.5 / _bL85 |
||
| 100 |
_aLoor, J. Mario _931061 |
||
| 245 | _aCurso de economía de empresas / | ||
| 260 |
_aLima : _bFondo de Especialización económica, _c1959. |
||
| 300 |
_a503 paginas ; _c26 cm. |
||
| 505 | _aContenido :Organización económica --Estabilidad económica --Dinámica financiera --Estadística económica / | ||
| 650 |
_aAdministración de empresas _96082 |
||
| 650 |
_aManuales _95970 |
||
| 942 |
_2ddc _cLIBROS |
||
| 945 |
_arjall _d2019-04-10 |
||